| 000 | 00361nam a2200157 a 4500 | ||
|---|---|---|---|
| 008 | 031013s1968||||xx 0 und c | ||
| 040 |
_aSNK _bslo _cSNK _eAACR2 |
||
| 100 | 1 | _aMusset, Alfred de | |
| 245 | 1 | 0 | _aTizianov syn |
| 250 | _a1. vyd. | ||
| 260 |
_aBratislava _bTatran _c1968 |
||
| 300 | _a224 s. | ||
| 044 |
_axo _cSK |
||
| 041 | _aslo | ||
| 020 | _c14,50 | ||
| 999 |
_c11979 _d11979 |
||